[Event "Challenge"]
[Site "http://www.queenalice.com/game.php?id=520851"]
[Date "2009.1.11"]
[Round "-"]
[White "syracrophy"]
[Black "Andrei_78"]
[Result "1-0"]
[WhiteElo "1650"]
[BlackElo "1626"]

1. e4 e5 2. f4 exf4 3. Nf3 Nc6 4. Bc4 h6 5. d4 Nf6 6. O-O Bd6 7. e5 O-O 8. exd6
cxd6 9. Bxf4 Qb6 10. Bxd6 Re8 11. Nc3 Qxb2 12. Na4 b5 13. Bxf7+ Kxf7 14. Nxb2
Re6 15. Ne5+ Nxe5 16. dxe5 Bb7 17. Qh5+ Kg8 18. exf6 Rxf6 19. Rxf6 Rc8 20. Rxh6
Rc6 21. Qd5# 1-0

[Event "Challenge"]
[Site "http://www.queenalice.com/game.php?id=529885"]
[Date "2009.1.26"]
[Round "-"]
[White "Banff"]
[Black "syracrophy"]
[Result "0-1"]
[WhiteElo "1519"]
[BlackElo "1654"]

1. e4 e5 2. Nc3 Nf6 3. Nf3 Bb4 4. Na4 O-O 5. c3 Be7 6. d3 b5 7. Nxe5 bxa4 8.
Qxa4 d5 9. Be2 Bd6 10. Nf3 dxe4 11. dxe4 Nbd7 12. O-O Nc5 13. Qc2 Ncxe4 14. Bd3
Re8 15. Re1 Bb7 16. Bxe4 Bxe4 17. Qd2 Bxf3 18. gxf3 Qd7 19. Rxe8+ Rxe8 20. Qd3
Bxh2+ 21. Kxh2 Qxd3 22. Be3 Rxe3 23. Kg2 Re5 24. Rh1 Rg5+ 25. Kh2 Qg6 26. Rg1
Rh5# 0-1

[Event "Challenge"]
[Site "http://www.queenalice.com/game.php?id=542158"]
[Date "2009.2.17"]
[Round "-"]
[White "AlmeidaChess"]
[Black "syracrophy"]
[Result "1-0"]
[WhiteElo "1639"]
[BlackElo "1678"]

1. d4 Nf6 2. c4 e5 3. dxe5 Ne4 4. f3 Qh4+ 5. g3 Nxg3 6. Bg5 Qxg5 7. hxg3 Bc5 8.
g4 Qxe5 9. Nc3 Qg3+ 10. Kd2 Bxg1 11. Bh3 Bh2 12. Bf1 b5 13. Ne4 Qe5 14. Qc2 Bb7
15. cxb5 1-0

[Event "Challenge"]
[Site "http://www.queenalice.com/game.php?id=542337"]
[Date "2009.2.18"]
[Round "-"]
[White "AlmeidaChess"]
[Black "syracrophy"]
[Result "0-1"]
[WhiteElo "1669"]
[BlackElo "1684"]

1. e4 e5 2. Nf3 f5 3. Nxe5 Qf6 4. d4 d6 5. Nf3 fxe4 6. Bg5 Qf5 7. Bd3 exd3 8.
cxd3 Be7 9. Be3 Nf6 10. O-O d5 11. Nc3 O-O 12. Nh4 Qg4 13. Nf3 Nbd7 14. h3 Qg6
15. Nh4 Qh5 16. Nf3 c5 17. dxc5 Nxc5 18. d4 Nce4 19. Qb3 Bxh3 20. Qxb7 Qg4 21.
Ne1 Nxc3 22. bxc3 Bd6 23. Kh1 Bxg2+ 24. Nxg2 Qh3+ 0-1

[Event "Challenge"]
[Site "http://www.queenalice.com/game.php?id=542548"]
[Date "2009.2.18"]
[Round "-"]
[White "syracrophy"]
[Black "francky78"]
[Result "1-0"]
[WhiteElo "1695"]
[BlackElo "1672"]

1. e4 c5 2. d4 cxd4 3. c3 e6 4. cxd4 d5 5. Nc3 dxe4 6. Nxe4 Bb4+ 7. Nc3 Ne7 8.
Bd3 O-O 9. Nf3 Nbc6 10. Bxh7+ Kxh7 11. Ng5+ Kg8 12. Qh5 1-0

[Event "Challenge"]
[Site "http://www.queenalice.com/game.php?id=547260"]
[Date "2009.2.27"]
[Round "-"]
[White "montelo"]
[Black "syracrophy"]
[Result "1-0"]
[WhiteElo "1766"]
[BlackElo "1707"]

1. e4 Nf6 2. Nc3 d5 3. e5 d4 4. Nb5 Ng4 5. f4 c6 6. h3 Nh6 7. Na3 e6 8. Nc4 b5
9. Na3 Qh4+ 10. Ke2 Qxf4 11. Nf3 d3+ 12. cxd3 Nf5 13. Ke1 Qg3+ 14. Ke2 Bc5 15.
Qe1 Nd7 16. Kd1 Qxe1+ 17. Kxe1 Nd4 18. Nxd4 Bxd4 19. Be2 Bxe5 20. Bf3 Bg3+ 21.
Ke2 Ne5 22. d4 Nxf3 23. Kxf3 Bc7 24. Re1 O-O 25. d3 Bb6 26. Be3 Rd8 27. Nc2 Bb7
28. Kf2 1-0

[Event "game 3"]
[Site "http://www.queenalice.com/game.php?id=576001"]
[Date "2009.4.22"]
[Round "-"]
[White "syracrophy"]
[Black "knight401"]
[Result "1-0"]
[WhiteElo "1718"]
[BlackElo "1537"]

1. e4 e5 2. Nf3 Nc6 3. d4 exd4 4. c3 dxc3 5. Nxc3 a6 6. Bc4 h6 7. O-O Nf6 8. e5
Nh7 9. Qb3 Qe7 10. Nd5 d6 11. Nxe7 1-0

[Event "game 4"]
[Site "http://www.queenalice.com/game.php?id=576529"]
[Date "2009.4.23"]
[Round "-"]
[White "knight401"]
[Black "syracrophy"]
[Result "0-1"]
[WhiteElo "1590"]
[BlackElo "1744"]

1. e4 e5 2. Nf3 f5 3. exf5 Bc5 4. d3 d6 5. Be2 Bxf5 6. Nc3 Nf6 7. Ng5 O-O 8. Bf3
d5 9. O-O h6 10. Nh3 c6 11. Re1 Qe8 12. Be3 d4 13. Nb5 Qd7 14. Bxh6 gxh6 15.
Rxe5 Bb6 0-1

[Event "AUTO-OPEN-1364"]
[Site "http://www.queenalice.com/game.php?id=588142"]
[Date "2009.5.14"]
[Round "2"]
[White "david_kasparov"]
[Black "syracrophy"]
[Result "1-0"]
[WhiteElo "1542"]
[BlackElo "1700"]

1. e4 c5 2. Nf3 Nc6 3. Bc4 d6 4. h3 Nf6 5. Nc3 g6 6. d3 Bg7 7. O-O O-O 8. Nd5 e6
9. Nxf6+ Bxf6 10. Re1 a6 11. c3 b5 12. Bb3 1-0

[Event "AUTO-OPEN-1364"]
[Site "http://www.queenalice.com/game.php?id=588143"]
[Date "2009.5.14"]
[Round "2"]
[White "syracrophy"]
[Black "david_kasparov"]
[Result "0-1"]
[WhiteElo "1678"]
[BlackElo "1564"]

1. e4 e5 2. f4 Nc6 3. Nf3 d6 4. Nc3 Nf6 5. Bb5 Bg4 6. h3 Bxf3 7. Qxf3 a6 8.
Bxc6+ bxc6 9. d3 exf4 10. Bxf4 h6 11. e5 Nd5 12. Nxd5 dxe5 13. Nc3 exf4 14.
Qxc6+ Qd7 15. Qxa8+ Qd8 16. Qxd8+ Kxd8 17. Kd2 Bc5 18. Nd5 Kd7 0-1